MARC

LEADER 00000nam0a2200000 4500
001 19779
005 20231101205315.0
010 |a 5110014965 
035 |a (RuTPU)RU\TPU\book\19948 
035 |a BOOK00004637 
090 |a 19779 
100 |a 20011209d1990 k y0rusy50 ca 
101 0 |a rus 
102 |a UA 
105 |a y z 000zy 
200 1 |a Отечественные мыслители позднего средневековья  |e Конец XIV - первая треть XVII века  |f А. Ф. Замалеев, В. А. Зоц 
210 |a Киев  |c Лыбидь  |d 1990 
215 |a 171 с. 
606 1 |a Русская философия  |x История  |2 stltpush  |3 (RuTPU)RU\TPU\subj\26377  |9 50319 
610 1 |a философия 
610 1 |a история 
610 1 |a русская философия 
610 1 |a средневековая философия 
610 1 |a общественная мысль 
610 1 |a 14 век 
610 1 |a 15 век 
610 1 |a 16 век 
610 1 |a 17 век 
686 |a Ю3(2)41/44  |v LBC/SL-A  |2 rubbk 
700 1 |a Замалеев  |b А. Ф.  |g Александр Фазлаевич 
701 1 |a Зоц  |b В. А.  |g Владимир Афанасьевич 
801 0 |a RU  |b 63413507  |c 20011209  |g PSBO 
801 2 |a RU  |b 63413507  |c 20141007  |g PSBO 
942 |c BK